000 01962nam a2200265 a 4500
001 BRCA_8709
005 20190320210356.0
008 310117s1778----sp-#######---#000-0#spa-#
041 _aspa
044 _asp
084 _aBE49
_b.Q37 1778
245 1 0 _aQuaresma del P. Fr. Antonio Andres, letor de sagrada theologia, escritor publico de su Orden, Regente de Estudios, Calificador del Santo Oficio y custodio actual de su provincia de Descalzos
_btomo III. Quien lo dedica a Christo crucificado.
260 _aValencia
_bEn La Imprenta de Benito Monfort
_c1778
300 _a316 p. (t.3)
_c20 x 15 cm.
500 _aEn portada : Al fin de este tercer tomo hay una aplicación de los Sermones de la Quaresma a las Dominicas de entre año
500 _aEstado físico : se presenta con lomo desprendido y hoja de guarda desprendidos, y con manchas en la portada
500 _aCon marca de fuego: “Procedencia de la marca: Convento de San Francisco Santa María del Pueblito de Querétaro (1). Institución: Orden de Frailes Menores. Provincia de San Pedro y San Pablo de Michoacán. Descripción: Monograma conformado por las iniciales “P”, “u”, “E” seguidas de “b”, “I”, “T” y “o” que se desata como Pueblito (2) dentro de un filete en forma de rombo. Observaciones: Krausse la incluye entre las marcas no identificadas. David Saavedra la identifica como del Convento Franciscano de Santa María del Pueblito, Villa Corregidora de Querétaro. Ubicación de la marca en el libro: Canto superior, canto inferior y canto lateral”
650 1 4 _aSermones de cuaresma
_921531
650 1 4 _aIglesia católica
_xSermones
_921286
650 1 4 _aCuaresma
_xSermones
_921287
700 1 _aAntonio Andrés
_cFray
_921275
856 _ahttp://www.marcasdefuego.buap.mx:8180/xmLibris/projects/firebrand/item.jsp?repository=marcas_de_fuego&key=marcas_de_fuego_franciscanas_20150525130455_95ba.xml&num=122
902 _aCFM
942 _2lcc
_cB
999 _c8361
_d8361